000 00726nam a2200241 a 4500
008 960412s1974 m yxo a 0 slo c
020 _c31,00
040 _aSNK
_bslo
_cSNK
_eAACR2
041 1 _aslo
044 _axo
_cSK
080 _a03:791.43=854
080 _a791.43(03)=854
245 1 0 _aMalá encyklopédia filmu
_bzahraničná tvorba
_cvedúci autorského kolektívu Richard Blech
260 _aBratislava
_bObzor
_c1974
300 _a802 s.
_c25 cm
490 1 _aMalé encyklopedie
500 _aNáhrada za stratený dupl.
650 0 7 _afilm
_xencyklopédie, slovenské
_2SNK
650 0 7 _aencyklopédie filmové slovenské
_2SNK
700 1 _aBlech, Richard
_4aut
760 1 _tMalé encyklopedie
958 _aA
999 _c14978
_d14978